Czy w tym mieście jest metro- nagła śmierć - Statystyki

Ogólne statystyki
  • Ten quiz został rozwiązany 117 razy
  • Średni wynik to 4 z 16
Answers on the Grid
Answers color-coded by a green-red scale on the quiz's grid according to % correct below.
Belgrad
Bilbao
Bratysława
Dublin
Genua
Glasgow
Göteborg
Haga
Kolonia
Lizbona
Lozanna
Niżny Nowogród
Norymberga
Oslo
Palermo
Petersburg
Rennes
Rotterdam
Ryga
Rzym
Saragossa
Sarajewo
Sewilla
Sofia
Stuttgart
Sztokholm
Tuluza
Wilno
Zagrzeb
Zurych
 
Statystyki odpowiedzi
Odpowiedź % Poprawnych
Rzym
66%
Petersburg
55%
Lizbona
50%
Sztokholm
48%
Oslo
36%
Sofia
31%
Rotterdam
24%
Norymberga
17%
Glasgow
16%
Sewilla
16%
Bilbao
14%
Niżny Nowogród
12%
Genua
10%
Lozanna
10%
Rennes
5%
Tuluza
5%
Nie znaleziono quizów pasujących do podanych kryteriów
Rozkład punktacji
Procent ludzi z każdym wynikiem
Percentyl według liczby udzielonych odpowiedzi
Twoja historia wyników
Nie rozwiązałeś tego quizu